00165nam a22000857a 4500100001600000245002600016250000900042260002000051300000800071 aVygoosky, M aMathematical Handbook a1987 bMIR Pub. Moscow a872